1073 1675 1466 1632 1483 1961 1100 1715 1380 1069 1879 1855 1069 1416 1304 1022 1799 1411 1616 1380 1108 1160 1099 1578 1015 1528 1043 1571 1550 1051 1614 1231 1773 1678 1685 1487 1399 1000 1522 1979 1226 1432 1890 1383 1990 1294 1509 1016 1167 1671 1753 1645 1805 1651 1224 1865 1137 1721 1300 1467 1538 1894 1287 1329 1605 1307 1157 1510 1597 1289 1791 1273 1450 1955 1097 1040 1182 1683 1845 1924 1012 1807 1182 1132 1476 1601 1574 1194 1868 1775 1570 1601 1749 1221 1296 1041 1375 1479 1163 BCNSPRNW ULIB Ver.6.0+V

เปลี่ยนเป็นภาษาไทย

Change to English
 แสดงรายละเอียดบรรณานุกรม
  กลับหน้าหลัก

Brief Record : Get Marc (ISO 2709) : E-mail record : QR code < ปิดหน้าต่าง
LEADER : 00000nam 2200000uu 4500
001    13399128469
003     ULIB
008    020711s2565 th a 000 0 tha d
020    ^a9786168212738
060    ^aWO178^bส445P
100    ^aสหดล ปุญญถาวร :บรรณาธิการ และคณะ
245    ^aเวชบำบัดวิกฤตปริหัตถการ (PERIOPERATIVE CRITICAL CARE)
250    ^aพิมพ์ครั้งที่ 1
260    ^aกรุงเทพฯ :^bหน่วยเวชบำบัดวิกฤตทางศัลยกรรม ฝ่ายวิสัญญีวิทยา โรงพยาบาลจุฬาลงกรณ์ สภากาชาดไทย,^c2565
300    ^a696 หน้า;^c19 ซม.
650    ^aการดูแลขั้นวิกฤต
945    ^p1300^l0^i010213
999    ^aประนอม เกษจรัล
รายการนี้ยังไม่มีแท็ก
คุณยังไม่ได้ล็อกอิน คุณสามารถมีกิจกรรมร่วมกับเว็บไซต์ได้ แต่ต้องล็อกอินก่อน ::
  ล็อกอิน

รายการสื่อสารสนเทศ

ลำดับที่ ประเภท เลขเรียก/บาร์โค้ด สถานที่ สถานะ
1. วิทยาศาสตร์การแพทย์ และสุขภาพ
หนังสือสำรอง
สถานะ=หนังสือสำรอง
WO178 ส445P ฉ.1 
  Barcode: 010213
ห้องสมุดวิทยาเขตสวรรค์ประชารักษ์
►หนังสือทั่วไป
บนชั้น

รายการใกล้เคียง
    หัวเรื่อง [การดูแลขั้นวิกฤต]

BibComment


ยังไม่เคยถูกคอมเมนท์

คอมเมนท์ทรัพยากรรายการนี้
  คอมเมนท์: เวชบำบัดวิกฤตปริ..


 Copyright 2026. Bcnsprnw @Library